A lovesong for Miss Lydia /

Bibliographic Details
Main Author: Evans, Don, 1938- (Author)
Corporate Author: Alexander Street (Firm)
Format: eBook
Language:English
Published: Alexandria, VA : Alexander Street Press, 2001.
Edition:[1st electronic ed.].
Series:Black drama.
Subjects:
Online Access:Connect to the full text of this electronic book

MARC

Tag First Indicator Second Indicator Subfields
LEADER 00000cam a2200000 i 4500
001 in00005633729
006 m o d
007 cr |n|---||||a
008 070531s2001 vau o 000 0 eng d
005 20250331201108.4
035 |a (OCoLC)ocn183272906 
040 |a UAB  |b eng  |e pn  |c UAB  |d OCLCG  |d ALSTP  |d OCLCQ  |d RRP  |d OCLCO  |d MUQ  |d OCLCQ  |d COO  |d OCLCO  |d OCLCQ  |d OCLCF  |d ORU  |d OCLCQ  |d UPM  |d WYU  |d TKN  |d OCLCA  |d EYM  |d OCLCO  |d OCLCQ  |d OCLCL  |d OCLCQ 
019 |a 593457764  |a 593457765 
035 |a (OCoLC)183272906  |z (OCoLC)593457764  |z (OCoLC)593457765 
041 0 |a eng  |h eng 
050 4 |a PS3555.V2148  |b E936 2001 
082 0 4 |a 812/.54  |q OCoLC  |2 19/eng/20230216 
049 |a TXAM 
100 1 |a Evans, Don,  |d 1938-  |e author.  |1 https://id.oclc.org/worldcat/entity/E39PBJwD4HDwygMpPyGKwy9v73 
245 1 2 |a A lovesong for Miss Lydia /  |c by Donald Thomas Evans. 
250 |a [1st electronic ed.]. 
260 |a Alexandria, VA :  |b Alexander Street Press,  |c 2001. 
300 |a 1 online resource. 
336 |a text  |b txt  |2 rdacontent 
337 |a computer  |b c  |2 rdamedia 
338 |a online resource  |b cr  |2 rdacarrier 
386 |n nat  |a Americans  |2 lcdgt 
386 |n eth  |a African Americans  |2 lcdgt 
386 |a Men  |2 lcdgt 
388 |a Twentieth century  |2 lcsh 
490 1 |a Black drama 
500 |a Title from HTML t.p. (viewed May 31, 2007). 
650 0 |a American drama  |x African American authors. 
650 6 |a Théâtre américain  |x Auteurs noirs américains. 
650 7 |a American drama  |x African American authors.  |2 fast  |0 (OCoLC)fst00806999 
655 7 |a Electronic books.  |2 local 
655 0 |a American drama. 
655 7 |a Drama.  |2 fast  |0 (OCoLC)fst01423879 
655 7 |a Drama.  |2 lcgft 
655 7 |a Théâtre.  |2 rvmgf 
710 2 |a Alexander Street (Firm) 
758 |i has work:  |a A lovesong for Miss Lydia (Text)  |1 https://id.oclc.org/worldcat/entity/E39PCGVY3pXdDKMDH3JyKC64tq  |4 https://id.oclc.org/worldcat/ontology/hasWork 
830 0 |a Black drama. 
856 4 0 |u http://proxy.library.tamu.edu/login?url=https://www.aspresolver.com/aspresolver.asp?BLDR;PL006752  |z Connect to the full text of this electronic book  |t 0 
936 |a BATCHLOAD 
955 |a Alexander Street - Black Drama 3rd Edition 
994 |a 92  |b TXA 
999 f f |s 2b7417c2-d1b1-418c-948b-9ec1e61ca113  |i 01085b42-3d99-4226-b8d9-bce32e862bde  |t 0 
952 f f |a Texas A&M University  |b College Station  |c Electronic Resources  |d Available Online  |t 0  |e PS3555.V2148 E936 2001  |h Library of Congress classification 
998 f f |a PS3555.V2148 E936 2001  |t 0  |l Available Online